The leadership experience

Guardado en:
Detalles Bibliográficos
Autor principal:  Daft, Richard L
Formato: Sách
Lenguaje:Undetermined
Publicado:  Cengage Learning  2015
Materias:
Etiquetas: Agregar Etiqueta
Sin Etiquetas, Sea el primero en etiquetar este registro!
Thư viện lưu trữ: Trung tâm Thư viện - Trường Đại học Công nghiệp TP. Hồ Chí Minh
LEADER 00490nam a2200157Ia 4500
001 UIH_02684
008 231011s9999 xx 000 0 und d
082 |a  658.4 
100 |a  Daft, Richard L 
245 0 |a  The leadership experience 
245 0 |c  Daft, Richard L 
260 |b  Cengage Learning 
260 |c  2015 
650 |a  Leadership; Khả năng lãnh đạo;  
927 |a Sách 
980 |a Trung tâm Thư viện - Trường Đại học Công nghiệp TP. Hồ Chí Minh